[Minutes of a meeting of the auctioneers of London and Westminster, held at the Auction Mart, Bartholomew Lane on Tuesday 27 July 1813, to consider the grievances of auctioneers] (Record no. 116763)

MARC details
000 -LEADER
fixed length control field 00964cam a22002295a 4500
001 - CONTROL NUMBER
control field L141701
008 - FIXED-LENGTH DATA ELEMENTS--GENERAL INFORMATION
fixed length control field 071213s1813 xxk eng u
035 ## - SYSTEM CONTROL NUMBER
System control number (Sirsi) u141701
041 0# - LANGUAGE CODE
Language code of text/sound track or separate title eng
100 1# - MAIN ENTRY--PERSONAL NAME
Personal name Murrell, William
245 01 - TITLE STATEMENT
Title [Minutes of a meeting of the auctioneers of London and Westminster, held at the Auction Mart, Bartholomew Lane on Tuesday 27 July 1813, to consider the grievances of auctioneers]
260 ## - PUBLICATION, DISTRIBUTION, ETC.
Place of publication, distribution, etc. [London]
Name of publisher, distributor, etc. s.n.
Date of publication, distribution, etc. 1813 +
Place of manufacture 5 sheets (25 x 20 cm.)
300 ## - PHYSICAL DESCRIPTION
Extent 2 p.
Dimensions 23 cm.
340 ## - PHYSICAL MEDIUM
Material base and configuration Printed and manuscript
351 ## - ORGANIZATION AND ARRANGEMENT OF MATERIALS
Hierarchical level Single item
500 ## - GENERAL NOTE
General note Item has been annotated with amendments to the text in brown ink.
500 ## - GENERAL NOTE
General note Item presented to the Auctioneer's Institute of the United Kingdom by Messrs. Scobell and Lake on 15 May 1907.
500 ## - GENERAL NOTE
General note Item is accompanied by letters from the donor and the Auctioneers' Institute.
651 4# - SUBJECT ADDED ENTRY--GEOGRAPHIC NAME
Geographic name London
690 ## - LOCAL SUBJECT ADDED ENTRY--TOPICAL TERM (OCLC, RLIN)
Topical term or geographic name as entry element PROPERTY-AUCTIONEERING-AUCTIONEERS
942 ## - ADDED ENTRY ELEMENTS (KOHA)
Suppress in OPAC 0
Holdings
Withdrawn status Lost status Source of classification or shelving scheme Damaged status Not for loan Home library Current library Shelving location Date acquired Total Checkouts Full call number Barcode Date last seen Copy number Price effective from Koha item type
    Dewey Decimal Classification     London London Basement 13/12/2007   BASEMENT BOX 5 141701-1001 06/08/2019 1 06/08/2019 Archive